mysqli: Table './ulib62015/stat_globaluid' is marked as crashed and should be repaired
select id from stat_globaluid where statuid='20260517083017_1028'
mysqli: Table './ulib62015/stat_globaluid' is marked as crashed and should be repaired
DELETE FROM stat_globaluid
WHERE id NOT IN (
SELECT id
FROM (
SELECT id
FROM stat_globaluid
ORDER BY id DESC
LIMIT 100
) foo
);
mysqli: Table './ulib62015/stat_globaluid' is marked as crashed and should be repaired
insert into stat_globaluid set
statuid='20260517083017_1028',
dt='1778981417',
phpself='/ULIB62015/dublinfull.php',
agent='Mozilla/5.0 AppleWebKit/537.36 (KHTML, like Gecko; compatible; Amazonbot/0.1; +https://developer.amazon.com/support/amazonbot) Chrome/119.0.6045.214 Safari/537.36',
yea='2026',
mon='5',
dat='17',
ip='107.20.25.33'
mysqli: Table './ulib62015/stathist_viewbib_bib_type' is marked as crashed and should be repaired
insert into stathist_viewbib_bib_type set
dat='17' ,
mon='05' ,
yea='2026' ,
statuid='20260517083017_1028' ,
head='13399120949' ,
foot='marc' ,
dt='1778981417'
| LEADER : 00000nam 2200000uu 4500 |
| 001 13399120949 |
| 003 ULIB |
| 008 141224s||||||||th 000 0 tha d |
| 020 ^a9789740329817
|
| 050 0 ^aHM606.T5^bศ481ค 2556
|
| 100 0 ^aศิริรัตน์ แอดสกุล
|
| 245 00 ^aความรู้เบื้องต้นทางสังคมวิทยา/^cศิริรัตน์ แอดสกุล
|
| 250 ^aพิมพ์ครั้งที่ 2
|
| 260 ^aกรุงเทพฯ :^bสำนักพิมพ์แห่งจุฬาลงกรณ์มหาวิทยาลัย,^c2556.
|
| 300 ^a299 หน้า :^bภาพประกอบ ;^c21 ซม.
|
| 650 0 ^aสังคมวิทยา.
|
| 945 ^p140^l0^i021716
|
| 945 ^p0^l0^i021717
|
| 945 ^p0^l0^i021718 |
| 999 ^aอริศรา หะยีเด
|
| คุณยังไม่ได้ล็อกอิน คุณสามารถมีกิจกรรมร่วมกับเว็บไซต์ได้ แต่ต้องล็อกอินก่อน :: |
|
|
|
| ลำดับที่ |
ประเภท |
เลขเรียก/บาร์โค้ด |
สถานที่ |
สถานะ |
| 1. |
 หนังสือ | HM606.T5 ศ481ค 2556 ฉ.1 Barcode: 021716 | หนังสือทั่วไป | บนชั้น ขอยืม |
| 2. |
 หนังสือ | HM606.T5 ศ481ค 2556 ฉ.2 Barcode: 021717 | หนังสือทั่วไป | บนชั้น ขอยืม |
| 3. |
 หนังสือ | HM606.T5 ศ481ค 2556 ฉ.3 Barcode: 021718 | หนังสือทั่วไป | บนชั้น ขอยืม |
รายการใกล้เคียง
หัวเรื่อง [สังคมวิทยา.]
|
|
ยังไม่เคยถูกคอมเมนท์
|
| คอมเมนท์ทรัพยากรรายการนี้ |
|